HEALTH SPECTRUM AN OVERVIEW OF HEALTH CARE SYSTEM IN INDIA (Record no. 25193)

MARC details
000 -LEADER
fixed length control field 00281nam a22001217a 4500
003 - CONTROL NUMBER IDENTIFIER
control field SGT
082 ## - DEWEY DECIMAL CLASSIFICATION NUMBER
Classification number 610
Item number RAW
100 ## - MAIN ENTRY--PERSONAL NAME
Personal name RAWAL , KUNAL
245 ## - TITLE STATEMENT
Title HEALTH SPECTRUM AN OVERVIEW OF HEALTH CARE SYSTEM IN INDIA
260 ## - PUBLICATION, DISTRIBUTION, ETC. (IMPRINT)
Place of publication, distribution, etc BHOPAL
Name of publisher, distributor, etc NITYA
Year of Publication 2023
300 ## - PAGE DESCRIPTION
No. of Pages 95
942 ## - ADDED ENTRY ELEMENTS (KOHA)
Source of classification or shelving scheme Dewey Decimal Classification
Koha item type Books
Holdings
Withdrawn status Lost status Source of classification or shelving scheme Damaged status Not for loan Collection code Home library Current library Shelving location Date acquired SGTU Total Checkouts Full call number Accession No. (Barcode) Date last seen Bill Date Koha item type
    Dewey Decimal Classification     COMMERCE MANAGEMENT SGT Science & Social Sciences Library SGT Science & Social Sciences Library Text Book 10/10/2023 SGTU   610 RAW CM6931 10/10/2023 10/10/2023 Books
    Dewey Decimal Classification     COMMERCE MANAGEMENT SGT Science & Social Sciences Library SGT Science & Social Sciences Library Text Book 10/10/2023 SGTU   610 RAW CM6932 10/10/2023 10/10/2023 Books